00689nam a2200229 a 4500001001300000003000900013005001700022008004100039020001000080082001600090100002000106245003000126260004400156500003500200505002400235650001600259700002000275902000800295942000700303952013200310999001700442nice12345678IN_TiNIC20260116013507.0050524s1994 hyda grp 000 0 eng  ac10000a305.42bSUB aSubmma, Malladi aWomen in Changing Society aHyderabadbMalladi Subbamma Trustc1994 aincludes index and biblioraphy2 aBibliography, Index aWomen-India1 aSubmma, Malladi bSRS cBK 001040708StackRoom-aHMIbHMId2007-10-30g100.00l2m1o305.42 SUBp018047r2020-02-12s2020-01-13v100.00w2005-05-24yBK c11203d11203